Sosna/świerk/jodła/cis/modrzew - Statystyki

Ogólne statystyki
  • Ten quiz został rozwiązany 23 razy
    13 od ostatniego zresetowania
  • Średni wynik to 13 z 15
Statystyki odpowiedzi
Opis Drzewo % Poprawnych
Nie tworzy szyszek cis
100%
Zrzuca liście na zimę modrzew
100%
Główny składnik tajgi świerk
100%
Długowieczne drzewo; jego egzemplarz jest najstarszym drzewem w Polsce i nosi imię Henrykowski cis
91%
Drzewo objęte ochroną gatunkową najszybciej ze wszystkich; przez Władysława Jagiełłę w 1423 cis
91%
Tworzy bory, które znajdują się m.in w Górach Świętokrzyskich jodła
91%
Najpospolitsze drzewo polskich lasów sosna
91%
.... limba sosna
91%
Szyszki żeńskie są ustawione do góry jodła
82%
To drzewo ma igły, które rosną parami sosna
82%
Jedno z najstarszych rosnących drzew na świecie - genetyczny klon rosnący w Szwecji, genet istniejący od ok. 9.5 tysiąca świerk
82%
Mało odporne na silne wiatry, ze względy na płytki system korzeniowy świerk
82%
Drzewo istotne w przemyśle farbiarskim modrzew
73%
Jedyne siedlisko tego drzewa na półkuli południowej znajduje się na Sumatrze sosna
73%
Do tego gatunku należą (niebędące klonami samych siebie) drzewa, które są przykładami najdłużej na świecie rosnących drzew sosna
64%
Nie znaleziono quizów pasujących do podanych kryteriów
Rozkład punktacji
Procent ludzi z każdym wynikiem
Percentyl według liczby udzielonych odpowiedzi
Twoja historia wyników
Nie rozwiązałeś tego quizu od ostatniego zresetowania